Cookie Clicker - Cookie Producing Buildings - Statistics

General Stats
  • This quiz has been taken 952 times
    340 since last reset
  • The average score is 13 of 19
Answer Stats
Description in-game Building % Correct
A nice _______ to bake more cookies. Grandma
98%
Grows cookie plants from cookie seeds. Farm
93%
Mines out cookie dough and chocolate chips. Mine
91%
Generates cookies from interest. Bank
89%
Produces large quantities of cookies. Factory
88%
Full of precious, ancient chocolate. Temple
83%
Autoclicks once every 10 seconds. Cursor
79%
Summons cookies with magic spells. Wizard Tower
76%
Brings cookies from the past, before they were even eaten. Time Machine
70%
Opens a door to the cookieverse. Portal
69%
Brings in fresh cookies from the cookie planet. Shipment
58%
Condenses the __________ in the universe into cookies. Antimatter Condenser
56%
Converts light itself into cookies. Prism
56%
Turns gold into cookies! Alchemy Lab
55%
Generates cookies out of thin air through sheer luck. Chancemaker
48%
There's been countless other idle universes running alongside our own. You've finally found a way to hijack their production and convert whatever they've been making into cookies! Idleverse
40%
Create cookies from the very code this game was written in. Javascript Console
39%
These artificial brains the size of planets are capable of simply dreaming up cookies into existence. Time and space are inconsequential. Reality is arbitrary. Cortex Baker
35%
Turns cookies into even more cookies. Fractal Engine
33%
No matching quizzes found
Score Distribution
Percent of People with Each Score
Percentile by Number Answered
Your Score History
You have not taken this quiz since the last reset